000
00320nam a2200121Ia 4500
005
20251222152046.0
008
251222s9999||||xx |||||||||||||| ||spa||
020
_a
84-8476-164-9
082
_a
664.902.9/L88
100
_a
"López Vázquez, RafaelCasp Vanaclocha, Ana"
245
0
_a
Tecnología de mataderos
942
_c
LIB
999
_c
26221
_d
26221